000 00253nam a22001097a 4500
999 _c260697
_d260693
020 _a9780062304254
100 _aJames Dean
245 _aPete the Cat-Storybook Collection
260 _aNew York
_bHarperCollins
_c2016
300 _a192 pgs
942 _cBK